000 01122naa a22003017a 4500
001 BR8305486
003 BR-BrBNA
005 20250721143234.0
007 ta
008 250630b bl.|||m| |||| 00| 0 por d
040 _aBR-BrBNA
_bpor
_cBiblioteca Nacional de Agricultura
041 _a(Pt)
072 _aH60
_b0240
090 _aH60 BR8305486
100 1 _aPinto, J.J.O.
100 1 _aXavier, F.E.
100 1 _aCunha, V.L.F. do
100 1 _aCunha, D.J.M. da
111 1 _a12. Reuniao Tecnica Anual do Sorgo
_cPelotas, RS (Brazil)
_d9-12 Aug 1983
245 1 _aComportamento de herbicidas na cultura do sorgo sacarino (Sorghum bicolor (L)Moench)
500 _aAnais da 12. Reuniao Tecnica Anual do Sorgo Pelotas, RS (Brasil): 1983. p. 222-225 (BR8305486-AMS)
773 0 _tAnais da 12. Reuniao Tecnica Anual do Sorgo
_wH60 BR8305486
_gPelotas, RS (Brasil), 1983. p. 222-225
650 _aSORGO ACUCAREIRO
650 _aHERBICIDA
490 _aDocumentos - Unidade de Execucao de Pesquisa de Ambito Estadual de Pelotas (Brazil)
_vno. 15
942 _cAMS
_2AGRIS
909 _a202506
_bLúcia
_c55
_dLúcia Elande
999 _c334603
_d334603